| 000 | 00884nam a22002297a 4500 | ||
|---|---|---|---|
| 999 |
_c7138 _d7138 |
||
| 003 | AR-CdUCM | ||
| 008 | 190320b ||||| |||| 00| 0 spa d | ||
| 040 |
_aMUNICIPALIDAD PROVINCIAL DEL CUSCO _cBIBLIOTECA MUNICIPAL DEL CUSCO |
||
| 082 |
_a308 / _bM498 |
||
| 100 |
_aMehring, Franz _920120 |
||
| 245 | _aCarlos Marx y los primeros tiempos de la internacional / | ||
| 260 |
_aMéxico, D.F : _bEditorial Grijalbo, _c1968. |
||
| 300 |
_a160 páginas ; _c18 cm. |
||
| 440 |
_aColección 70 _n18 _920121 |
||
| 505 | _aContenido: Fundación de la internacional -- Memoria inaugural y estatutos -- La repulsa a Schweitzer -- La primera conferencia de Lóndres -- La guerra alemana -- El congreso de Ginebra... | ||
| 650 |
_aSocialismo en Alemania _920122 |
||
| 650 |
_aSociología _9276 |
||
| 650 |
_aHumanidades _9641 |
||
| 650 |
_aSiglo XX _98 |
||
| 942 |
_2ddc _cLIBROS |
||
| 945 | _adavv | ||